000 00992 a2200325 4500
999 _c200421351
_d38544
001 200421351
003 TR-AnTOB
005 20240925073654.0
008 150216e20102011tu 000 0
020 _a9786051143071
040 _aTR-AnTOB
_beng
_erda
_cTR-AnTOB
041 _atur
050 0 _aPL248.T57
_bD67 2011
090 _aPL248.T57 D67 2011
100 1 _aTiryakioğlu, Okay
_9104260
245 1 0 _aIV. Murat :
_bgürz ve zafer /
_cOkay Tiryakioğlu.
250 _aSecond edition.
264 1 _aİstanbul :
_bTimaş Yayınları,
_c2011.
300 _a348 pages ;
_c21 cm.
336 _atext
_2rdacontent
_btxt
337 _aunmediated
_2rdamedia
_bn
338 _avolume
_2rdacarrier
_bnc
490 0 _aTimaş yayınları
_v2384
_aRoman dizisi ;
_v112
650 0 _aHistorical fiction, Turkish
_9100982
650 0 _aTurkish fiction
_97165
650 7 _aTarihi roman, Türk
_2etuturkob
_992341
650 7 _aTürk romanı
_2etuturkob
_99421
942 _cBK
_2lcc